000 00191nam a22000977a 4500
041 _aeng
080 _a80
100 _aChafe, Wallace
245 _aBedeutung und Sprachstruktur
999 _c282230
_d282230
942 _cBK